Clash Royale all Epics - Statistics

General Stats
  • This quiz has been taken 56 times
  • The average score is 9 of 15
Answer Stats
Hint Answer % Correct
General Skeleton Army
80%
New Evo speeds and slows troops Baby Dragon
73%
Berzerker's mom Rune Giant
71%
Big bomb Giant Skeleton
68%
Sneaky Golem
68%
What is behind that mask? Pekka
68%
His evo is basically just vines Hunter
66%
Paired with Goblin Machine Goblin Giant
61%
Overshadowed by his counterpart Dark Prince
56%
makes electricity chains electro dragon
56%
His counterpart Prince
56%
Has 2 legendary variations Witch
49%
Often paired with Lumberjack Ballon
41%
Similar to Goblin Gang Guards
41%
Suspicious bush but better Wall breakers
37%
No matching quizzes found
Score Distribution
Percent of People with Each Score
Percentile by Number Answered
Your Score History
You have not taken this quiz